[Event "IND-ch U17 25th"]
[Site "Bihar"]
[Date "2014.12.03"]
[Round "3"]
[White "Aswin, Balakrishnan"]
[Black "Kumar, Gaurav"]
[Result "1/2-1/2"]
[WhiteElo "1650"]
[BlackElo "2048"]
[PlyCount "111"]
[EventDate "2014.12.02"]
[EventType "swiss"]
[EventRounds "11"]
[EventCountry "IND"]
[SourceTitle "EXT 2016"]
[Source "ChessBase"]
[SourceDate "2015.10.08"]
[SourceVersion "1"]
[SourceVersionDate "2015.10.08"]
[SourceQuality "1"]

1. e4 c5 2. Nf3 Nc6 3. d4 cxd4 4. Nxd4 Nf6 5. Nxc6 bxc6 6. Nc3 e5 7. Bg5 Bb4 8. Bd3 0-0 9. 0-0 d5 10. Qf3 d4 11. Ne2 Be7 12. h3 h6 13. Bd2 Kh7 14. g4 g6 15. Kh2 Ng8 16. Ng3 Qc7 17. Kg2 Rb8 18. Bc1 c5 19. b3 Be6 20. Qe2 Bg5 21. Rh1 Bxc1 22. Raxc1 c4 23. bxc4 Rb2 24. Ra1 Rfb8 25. Nf1 Qa5 26. a3 Nf6 27. Nd2 Nd7 28. Rhb1 Nc5 29. Kh2 Kg7 30. Kg2 Nxd3 31. Qxd3 Qc3 32. Rxb2 Rxb2 33. Nf3 Rxc2 34. Qxc3 dxc3 35. Nxe5 f6 36. Nc6 Bxc4 37. Nb4 Rb2 38. Rc1 a5 39. Rxc3 axb4 40. Rxc4 bxa3 41. Ra4 Ra2 42. Ra6 Kf7 43. h4 Ra1 44. f4 a2 45. e5 fxe5 46. fxe5 h5 47. gxh5 gxh5 48. Kh2 Ke7 49. Kg2 Kd7 50. e6+ Ke7 51. Kh2 Kf6 52. Kg2 Ke7 53. Kh2 Kd8 54. Ra7 Ke8 55. e7 Kf7 56. Kg2 1/2-1/2